• 首页
  • 本馆介绍
  • 公告通知
  • 最新文献
  • 馆藏检索
  • 电子资源
  • 读者导购
  • 参考咨询
  • 我的图书馆
  • 登录
  • 详细信息显示
  • 放入我的书架
  • 预约/预借图书
  • 作者相关作品
  • 分类相关作品
  • 丛书相关作品
  • 出版社相关作品

书目信息

  • 表格格式
  • 工作单格式
  • 卡片格式
题名:
王蒙谈列子
    
 
作者: 王蒙 作品
分册:  
出版信息: 杭州   浙江人民出版社  2019.12
页数: 339页
开本: 24cm
丛书名:
单 册:
中图分类: B223.25
科图分类:
主题词: 道家--dao jia
电子资源:
ISBN: 978-7-213-09524-5
000 00964nam0 2200265 450
001 CAL 0120192905726
005 20230308143223.0
010    @a978-7-213-09524-5@dCNY58.00
100    @a20191213d2019 em y0chiy0120 ea
101 0  @achi
102    @aCN@b330000
105    @ay z 000yy
106    @ar
200 1  @a王蒙谈列子@Awang meng tan lie zi@f王蒙作品
210    @a杭州@c浙江人民出版社@d2019.12
215    @a339页@d24cm
300    @a磨铁
314    @a王蒙, 曾任团干部、人民公社副大队长等。
330    @a《列子》是中国古代先秦思想文化史上著名的典籍, 属于诸子学派著作, 是一部智慧之书, 它能开启人们心智, 给人以启示, 给人以智慧。本书是王蒙先生重磅新作, 对列子及其著作《列子》进行了精彩绝伦、睿智深刻的讲述与评析, 力求将其精华元素与启迪内涵尽可能展现给读者。
605    @a列子@Alie zi@x研究
606 0  @a道家@Adao jia
690    @aB223.25@v5
701  0 @a王蒙@Awang meng@4作品
801  0 @aCN@bBJXHXP@c20230308
905    @b1392474-6@dB223.25@e1088@f3
    
    王蒙谈列子/王蒙作品.-杭州:浙江人民出版社,2019.12
    339页;24cm
    磨铁
    
    ISBN 978-7-213-09524-5:CNY58.00
    《列子》是中国古代先秦思想文化史上著名的典籍, 属于诸子学派著作, 是一部智慧之书, 它能开启人们心智, 给人以启示, 给人以智慧。本书是王蒙先生重磅新作, 对列子及其著作《列子》进行了精彩绝伦、睿智深刻的讲述与评析, 力求将其精华元素与启迪内涵尽可能展现给读者。
●
相关链接 在E读中查询图书 在五车中查询图书 在当当中查询图书 在豆瓣中查询图书


正题名:王蒙谈列子     索取号:B223.25/1088         预约/预借

序号 登录号 条形码 馆藏地/架位号 状态 备注
1 1392474   213924743   第一样本阅览室/ [索取号:B223.25/1088] 在馆    
2 1392475   213924752   第一借阅区/ [索取号:B223.25/1088] 在馆    
3 1392476   213924761   第一借阅区/ [索取号:B223.25/1088] 在馆    
唐山师范学院图书馆 欢迎您!
大连网信软件有限公司© 版权所有